00315nam a2200121Ia 4500008004100000020001800041041000800059082001500067100001400082245003200096250001000128260005500138230717s9999 xx 000 0 und d a0-406-50422-9 aeng a340.5bJAM aJames P.S aIntroduction To English Law a12ed. aLondonbButterworth And Co. (Publishers) Ltdc1989